000 05232nam a22005417a 4500
005 20110316162024.0
008 110316t xxu||||| |||| 00| 0 eng d
010 _aENG-102147 B-453745-763
020 _a9780071068048
_c450.00
020 _a007106804x
_c450.00
035 _aEN-85680 B-453745-763
037 _bDBAD/PUB
040 _adpl
_bEng
082 _a006.7
100 1 _aWillard, Wendy
_926630
245 1 0 _aWeb design :
_cby Wendy Willard
_ba beginner’s guide /
250 _a2nd ed
260 _aNew Delhi
_bTata McGraw-Hill
_c2010
270 _a7, West Patel Nagar
_bNew Delhi
_e110008
300 _axx, 364 p. :
_c24cm (pbk)
_bill.
500 _aIncludes index.
650 0 _926631
_aWeb sites
_x Design
700 _926636
856 4 1 _uhttp://www.loc.gov/catdir/enhancements/fy0643/2005052214-t.html
942 _2ddc
_cEN
_mWIL
_h006.7
999 _c51099
_d51099